<?xml version="1.0" encoding="UTF-8"?>
<record
    xmlns:xsi="http://www.w3.org/2001/XMLSchema-instance"
    xsi:schemaLocation="http://www.loc.gov/MARC21/slim http://www.loc.gov/standards/marcxml/schema/MARC21slim.xsd"
    xmlns="http://www.loc.gov/MARC21/slim">

  <leader>01259cam a2200277 i 4500</leader>
  <controlfield tag="001">78048</controlfield>
  <controlfield tag="003">BD-RjUL</controlfield>
  <controlfield tag="005">20211209083101.0</controlfield>
  <controlfield tag="008">211129s2009    ua h     b    001 0 ara d</controlfield>
  <datafield tag="020" ind1=" " ind2=" ">
    <subfield code="a">9789886307469</subfield>
    <subfield code="c">: tk.1215</subfield>
  </datafield>
  <datafield tag="035" ind1=" " ind2=" ">
    <subfield code="a">(BD-RjUL)78274</subfield>
  </datafield>
  <datafield tag="040" ind1=" " ind2=" ">
    <subfield code="a">UIU</subfield>
    <subfield code="b">eng</subfield>
    <subfield code="c">UIU</subfield>
    <subfield code="e">rda</subfield>
    <subfield code="d">UIU</subfield>
    <subfield code="d">DLC</subfield>
  </datafield>
  <datafield tag="041" ind1=" " ind2=" ">
    <subfield code="a">ara</subfield>
  </datafield>
  <datafield tag="082" ind1=" " ind2=" ">
    <subfield code="2">23</subfield>
    <subfield code="a">297.12542</subfield>
    <subfield code="b">NAS 2009</subfield>
  </datafield>
  <datafield tag="100" ind1="0" ind2=" ">
    <subfield code="a">Naysaburi,  Abu Al-Hussain Muslim bin Al-Hajjaj Al-Qushayri  ;; &#x627;&#x644;&#x646;&#x64A;&#x633;&#x627;&#x628;&#x648;&#x631;&#x64A;,  &#x623;&#x628;&#x64A; &#x627;&#x644;&#x62D;&#x633;&#x64A;&#x646; &#x645;&#x633;&#x644;&#x645; &#x628;&#x646; &#x627;&#x644;&#x62D;&#x62C;&#x627;&#x62C; &#x627;&#x644;&#x642;&#x634;&#x64A;&#x631;&#x64A;</subfield>
    <subfield code="9">245556</subfield>
  </datafield>
  <datafield tag="245" ind1="1" ind2="0">
    <subfield code="a">&#x635;&#x62D;&#x64A;&#x62D; &#x645;&#x633;&#x644;&#x645; ;; Sahih Muslim /</subfield>
    <subfield code="c">&#x627;&#x628;&#x64A; &#x627;&#x644;&#x62D;&#x633;&#x64A;&#x646; &#x645;&#x633;&#x644;&#x645; &#x628;&#x646; &#x627;&#x644;&#x62D;&#x62C;&#x627;&#x62C; &#x627;&#x644;&#x642;&#x634;&#x64A;&#x631;&#x64A; &#x627;&#x644;&#x646;&#x64A;&#x633;&#x627;&#x628;&#x648;&#x631;&#x64A; ;  &#x62A;&#x631;&#x62A;&#x64A;&#x628; &#x648;&#x62A;&#x631;&#x642;&#x64A;&#x645; &#x645;&#x62D;&#x645;&#x62F; &#x641;&#x648;&#x627;&#x62F; &#x639;&#x628;&#x62F; &#x627;&#x644;&#x628;&#x627;&#x642;&#x64A;  ;; Abu al-Husayn Muslim ibn al-Hajjaj al-Qushayri al-Naysaburi </subfield>
  </datafield>
  <datafield tag="250" ind1=" " ind2=" ">
    <subfield code="a">New revised edition in one volume &#x637;&#x628;&#x639;&#x629; &#x62C;&#x62F;&#x64A;&#x62F;&#x629; &#x645;&#x646;&#x642;&#x62D;&#x629; &#x641;&#x64A; &#x645;&#x62C;&#x644;&#x62F; &#x648;&#x627;&#x62D;&#x62F;;; &#x62F;</subfield>
  </datafield>
  <datafield tag="260" ind1=" " ind2=" ">
    <subfield code="a">&#x627;&#x644;&#x642;&#x627;&#x647;&#x631;&#x629;:</subfield>
    <subfield code="b">, &#x62F;&#x627;&#x631; &#x627;&#x628;&#x646; &#x627;&#x644;&#x62C;&#x648;&#x632;&#x64A;</subfield>
    <subfield code="c">2009</subfield>
  </datafield>
  <datafield tag="300" ind1=" " ind2=" ">
    <subfield code="a">v. ;</subfield>
    <subfield code="c">24 cm</subfield>
  </datafield>
  <datafield tag="504" ind1=" " ind2=" ">
    <subfield code="a">Includes bibliographical references  and indexes.</subfield>
  </datafield>
  <datafield tag="505" ind1=" " ind2=" ">
    <subfield code="a">Vol. 1.--</subfield>
  </datafield>
  <datafield tag="650" ind1=" " ind2="0">
    <subfield code="a">Hadith</subfield>
    <subfield code="v">Early works to 1800.</subfield>
    <subfield code="9">245886</subfield>
  </datafield>
  <datafield tag="650" ind1=" " ind2="0">
    <subfield code="a">Hadith</subfield>
    <subfield code="x">Mulim Shareef</subfield>
    <subfield code="9">250718</subfield>
  </datafield>
  <datafield tag="700" ind1=" " ind2=" ">
    <subfield code="a">baqi, muhammad Fuad abd</subfield>
    <subfield code="9">250722</subfield>
  </datafield>
  <datafield tag="942" ind1=" " ind2=" ">
    <subfield code="2">ddc</subfield>
    <subfield code="c">BK</subfield>
  </datafield>
  <datafield tag="999" ind1=" " ind2=" ">
    <subfield code="c">78048</subfield>
    <subfield code="d">78048</subfield>
  </datafield>
  <datafield tag="952" ind1=" " ind2=" ">
    <subfield code="0">0</subfield>
    <subfield code="1">0</subfield>
    <subfield code="2">ddc</subfield>
    <subfield code="4">0</subfield>
    <subfield code="7">1</subfield>
    <subfield code="8">NFIC</subfield>
    <subfield code="a">RUCL</subfield>
    <subfield code="b">RUCL</subfield>
    <subfield code="c">Reading</subfield>
    <subfield code="d">2021-11-27</subfield>
    <subfield code="e">Wahidiah Libraey, Rajshahi</subfield>
    <subfield code="g">1215.00</subfield>
    <subfield code="l">0</subfield>
    <subfield code="o">A 297.12542 NAS V-1  2009</subfield>
    <subfield code="r">2021-11-29 00:00:00</subfield>
    <subfield code="t">C-1</subfield>
    <subfield code="w">2021-12-09</subfield>
    <subfield code="y">BK</subfield>
  </datafield>
  <datafield tag="952" ind1=" " ind2=" ">
    <subfield code="0">0</subfield>
    <subfield code="1">0</subfield>
    <subfield code="2">ddc</subfield>
    <subfield code="4">0</subfield>
    <subfield code="7">0</subfield>
    <subfield code="8">NFIC</subfield>
    <subfield code="a">RUCL</subfield>
    <subfield code="b">RUCL</subfield>
    <subfield code="c">Stack</subfield>
    <subfield code="d">2021-11-27</subfield>
    <subfield code="e">Wahidiah Libraey, Rajshahi</subfield>
    <subfield code="g">1215.00</subfield>
    <subfield code="l">0</subfield>
    <subfield code="o">A 297.12542 NAS V-1  2009</subfield>
    <subfield code="r">2021-11-29 00:00:00</subfield>
    <subfield code="t">C-2</subfield>
    <subfield code="w">2021-12-09</subfield>
    <subfield code="y">BK</subfield>
  </datafield>
</record>
